Elektromobilita a jej využitie vo vybranej oblasti bakalárska práca

Na minha lista:
Detalhes bibliográficos
Autor principal: Dombos, Máté
Autor Corporativo: Obchodná fakulta EU. Katedra marketingu
Outros Autores: Jankovič, Michal, 1993-
Formato: Livro
Idioma:eslovaco
Publicado em: Bratislava 2023
Tags: Adicionar Tag
Sem tags, seja o primeiro a adicionar uma tag!

MARC

LEADER 00000nbm a2200000 4500
001 0294784
005 20231212130831.9
041 0 |a slo 
044 |a SK 
245 1 0 |a Elektromobilita a jej využitie vo vybranej oblasti  |b bakalárska práca  |c Máté Dombos ; školiteľ: Michal Jankovič 
264 1 |a Bratislava  |c 2023 
300 |a 44 s. 
100 1 |a Dombos, Máté 
700 1 |a Jankovič, Michal, 1993- 
710 2 |a Obchodná fakulta EU. Katedra marketingu